000 00492nam a2200181Ia 4500
005 20250326124257.0
008 250326s9999 xx 000 0 und d
037 _aTextbook
040 _aFMSL
_beng
_cFMSL
041 _aeng
_2eng
084 _aSNI:66 K7
_qFMSL
100 _aBrown A
_9323451
245 0 _aGreat ideas in communications
_cBrown A
260 _aLondon
_bLondon, Robert Maxwell
_c1967
300 _a174p
942 _cTB
_hSNI:66 K7
999 _c1273057
_d1273057